Geography Quiz

Random Geography or Blitz Quiz

Landmarks Sorting Blitz Quiz Stats

 Plays Quiz Updated Nov 28, 2018

Challenge
Share
Tweet
Embed
Score 0/40 Timer 03:00
13 Plays Today
% Correct
???
58.8%
???
54.8%
???
54.3%
???
54.2%
???
54.1%
???
53.2%
???
50.6%
???
50.2%
???
49.6%
???
49.1%
???
47.6%
???
47.6%
???
47.4%
???
47.3%
???
46.1%
???
46%
???
44.7%
???
44.2%
???
44.1%
???
43.7%
% Correct
???
42.6%
???
42.1%
???
41.5%
???
39.1%
???
38.2%
???
36.8%
???
35.7%
???
34.8%
???
34.2%
???
33.7%
???
32.8%
???
30.4%
???
29.2%
???
29.1%
???
28.1%
???
23.6%
???
23.1%
???
21.7%
???
19.5%
???
13.2%

You're not logged in!

Compare scores with friends on all Sporcle quizzes.
OR
Log In

You Might Also Like...

Show Comments

Extras

Top Quizzes Today


Score Distribution

Your Account Isn't Verified!

In order to create a playlist on Sporcle, you need to verify the email address you used during registration. Go to your Sporcle Settings to finish the process.

Report this User

Report this user for behavior that violates our Community Guidelines.

Details: